000 00728nam a2200277Ia 4500
005 20260324135638.0
008 008 260324s9999 xx 000 0 eng d
020 _a9780429182594
037 _aEBOOK
040 _aCRL
040 _beng
040 _cCRL
041 _2eng
041 _aeng
084 _qCRL
100 _aGlobal Express Ltd. Co.; Aleksey I. Prilepko; Dmitry G. Orlovsky; Igor A. Vasin
_91201356
245 0 _aMethods for Solving Inverse Problems in Mathematical Physics
260 _bTaylor and Francis
260 _c2000
365 _a
365 _b680
856 _uhttp://www.taylorfrancis.com/books/9780429182594
942 _cEBOOK
999 _c1802678
_d1802678